000 00593nam a22001937a 4500
005 20231201170215.0
010 _aENG-138545
020 _a9788189708597
_c195.00
035 _aEN-122077
037 _aDBAD/PUB
082 _a882
_21
245 _aA Choices of Scenes From Shakesspeare/
_bEdited By S.A Sankaranarayanan
250 _a1
260 _aChennai
_bKaanthalakam
_c2015
270 _a68, Annaa Saalai
_bChennai
_e600002
_mtamilnool@tamilnool.com
300 _a120p.
_c22cm(pbk)
700 _a Sankaranarayanan, S.A
_eEditor
_959351
942 _2ddc
_cEN
_h882
_mSHA
999 _c199398
_d199398